The roommate arrangement / (Record no. 129574)
[ view plain ]
| 000 -LEADER | |
|---|---|
| fixed length control field | 01945pam a2200469 i 4500 |
| 001 - CONTROL NUMBER | |
| control field | in503525688 |
| 003 - CONTROL NUMBER IDENTIFIER | |
| control field | DLC |
| 005 - DATE AND TIME OF LATEST TRANSACTION | |
| control field | 20260330175351.0 |
| 007 - PHYSICAL DESCRIPTION FIXED FIELD--GENERAL INFORMATION | |
| fixed length control field | t| |
| 008 - FIXED-LENGTH DATA ELEMENTS--GENERAL INFORMATION | |
| fixed length control field | 250609t20262026nyu d 000 1 eng c |
| 010 ## - LIBRARY OF CONGRESS CONTROL NUMBER | |
| LC control number | 2025011075 |
| 020 ## - INTERNATIONAL STANDARD BOOK NUMBER | |
| International Standard Book Number | 9781665973076 |
| Qualifying information | (hardcover) |
| 020 ## - INTERNATIONAL STANDARD BOOK NUMBER | |
| International Standard Book Number | 9781665973083 |
| Qualifying information | (paperback) |
| 020 ## - INTERNATIONAL STANDARD BOOK NUMBER | |
| Cancelled/invalid ISBN | 9781665973090 |
| Qualifying information | (ebook) |
| 035 ## - SYSTEM CONTROL NUMBER | |
| System control number | (OCoLC)1523195847 |
| 040 ## - CATALOGING SOURCE | |
| Original cataloging agency | DLC |
| Language of cataloging | eng |
| Description conventions | rda |
| Transcribing agency | DLC |
| Modifying agency | DLC-MRC |
| -- | TnLvILS |
| 042 ## - AUTHENTICATION CODE | |
| Authentication code | pcc |
| -- | cyac |
| 050 00 - LIBRARY OF CONGRESS CALL NUMBER | |
| Classification number | PZ7.1.M37243 |
| Item number | Ro 2026 |
| 082 00 - DEWEY DECIMAL CLASSIFICATION NUMBER | |
| Classification number | [Fic] |
| Edition number | 23/eng/20250609 |
| 099 ## - LOCAL FREE-TEXT CALL NUMBER (OCLC) | |
| Classification number | YA MAR |
| 100 1# - MAIN ENTRY--PERSONAL NAME | |
| Personal name | Markum, Samantha |
| Relator term | author |
| Relator code | aut |
| -- | http://id.loc.gov/vocabulary/ relators/aut |
| 9 (RLIN) | 42031 |
| 245 14 - TITLE STATEMENT | |
| Title | The roommate arrangement / |
| Statement of responsibility, etc | Samantha Markum. |
| 250 ## - EDITION STATEMENT | |
| Edition statement | First edition. |
| 300 ## - PHYSICAL DESCRIPTION | |
| Extent | 352 pages ; |
| Dimensions | 21 cm. |
| 520 ## - SUMMARY, ETC. | |
| Summary, etc | When eighteen-year-old Blair's housing plans fall through and she unexpectedly ends up rooming with her brother's best friend Jamie during a summer coding program, she strikes a deal to keep their living arrangement secret in exchange for coding help, all while trying to ignore her growing crush. |
| 521 ## - TARGET AUDIENCE NOTE | |
| Target audience note | Ages 14 up. |
| Source | Margaret K. McElderry Books. |
| 521 ## - TARGET AUDIENCE NOTE | |
| Target audience note | Grades 10-12. |
| Source | Margaret K. McElderry Books. |
| 650 #0 - SUBJECT ADDED ENTRY--TOPICAL TERM | |
| Topical term or geographic name as entry element | Roommates |
| Form subdivision | Juvenile fiction. |
| 9 (RLIN) | 55620 |
| 650 #0 - SUBJECT ADDED ENTRY--TOPICAL TERM | |
| Topical term or geographic name as entry element | Computer programming |
| Form subdivision | Juvenile fiction. |
| 9 (RLIN) | 55621 |
| 650 #0 - SUBJECT ADDED ENTRY--TOPICAL TERM | |
| Topical term or geographic name as entry element | Secrecy |
| Form subdivision | Juvenile fiction. |
| 650 #0 - SUBJECT ADDED ENTRY--TOPICAL TERM | |
| Topical term or geographic name as entry element | Man-woman relationships |
| Form subdivision | Juvenile fiction. |
| 650 #1 - SUBJECT ADDED ENTRY--TOPICAL TERM | |
| Topical term or geographic name as entry element | Romance stories |
| 9 (RLIN) | 42809 |
| 650 #1 - SUBJECT ADDED ENTRY--TOPICAL TERM | |
| Topical term or geographic name as entry element | Roommates |
| Form subdivision | Fiction. |
| 9 (RLIN) | 2902 |
| 650 #1 - SUBJECT ADDED ENTRY--TOPICAL TERM | |
| Topical term or geographic name as entry element | Programming (Computers) |
| Form subdivision | Fiction. |
| 9 (RLIN) | 55622 |
| 650 #1 - SUBJECT ADDED ENTRY--TOPICAL TERM | |
| Topical term or geographic name as entry element | Secrets |
| Form subdivision | Fiction. |
| 650 #1 - SUBJECT ADDED ENTRY--TOPICAL TERM | |
| Topical term or geographic name as entry element | Man-woman relationships |
| Form subdivision | Fiction. |
| 655 #7 - INDEX TERM--GENRE/FORM | |
| Genre/form data or focus term | Novels |
| Source of term | lcgft |
| 655 #7 - INDEX TERM--GENRE/FORM | |
| Genre/form data or focus term | Romance fiction |
| Source of term | lcgft |
| 776 1# - ADDITIONAL PHYSICAL FORM ENTRY | |
| Display text | Online version |
| Main entry heading | Markum, Samantha |
| Title | Roommate arrangement. |
| Edition | First edition |
| Place, publisher, and date of publication | New York : Margaret K. McElderry Books, 2026 |
| International Standard Book Number | 9781665973090 |
| Record control number | (DLC) 2025011076. |
| 907 ## - LOCAL DATA ELEMENT G, LDG (RLIN) | |
| a | .b514966981 |
| 942 ## - ADDED ENTRY ELEMENTS (KOHA) | |
| Source of classification or shelving scheme | Dewey Decimal Classification |
| Koha item type | Book |
| Withdrawn status | Lost status | Source of classification or shelving scheme | Damaged status | Not for loan | Home library | Current library | Shelving location | Date acquired | Total Checkouts | Full call number | Barcode | Date last seen | Cost, replacement price | Price effective from | Koha item type |
|---|---|---|---|---|---|---|---|---|---|---|---|---|---|---|---|
| Available | Dewey Decimal Classification | Martha's Vineyard High School Library | Martha's Vineyard High School Library | ROMANCE | 03/30/2026 | FIC/MAR | 39844500071315 | 03/30/2026 | 21.00 | 03/30/2026 | Book |
